रघुवीरसहाय (Record no. 1246008)

MARC details
000 -LEADER
fixed length control field 00735nam a2200193Ia 4500
008 - FIXED-LENGTH DATA ELEMENTS--GENERAL INFORMATION
fixed length control field 151121s9999||||xx |||||||||||||| ||und||
082 ## - DEWEY DECIMAL CLASSIFICATION NUMBER
Classification number 097/नागर
082 ## - DEWEY DECIMAL CLASSIFICATION NUMBER
Item number HNW-64482
100 ## - MAIN ENTRY--PERSONAL NAME
Personal name नागर विष्णु /जेदी असद-संपा।
245 ## - TITLE STATEMENT
Title रघुवीरसहाय
260 ## - PUBLICATION, DISTRIBUTION, ETC. (IMPRINT)
Name of publisher, distributor, etc "आधार प्रकाशन, पंचकुला- हरियाना"
260 ## - PUBLICATION, DISTRIBUTION, ETC. (IMPRINT)
Date of publication, distribution, etc --
300 ## - PHYSICAL DESCRIPTION
Extent 212
600 ## - SUBJECT ADDED ENTRY--PERSONAL NAME
Personal name नागर विष्णु /जेदी असद-संपा।
630 ## - SUBJECT ADDED ENTRY--UNIFORM TITLE
Uniform title रघुवीरसहाय
700 ## - ADDED ENTRY--PERSONAL NAME
Personal name नागर विष्णु /जेदी असद-संपा।
730 ## - ADDED ENTRY--UNIFORM TITLE
Uniform title रघुवीरसहाय
942 ## - ADDED ENTRY ELEMENTS (KOHA)
Koha item type Book
Holdings
Withdrawn status Lost status Damaged status Not for loan Home library Current library Date acquired Cost, normal purchase price Total Checkouts Full call number Barcode Date last seen Cost, replacement price Price effective from Koha item type
        Hirachand Nemchand Wachanalaya, Solapur Hirachand Nemchand Wachanalaya, Solapur 11/21/2015 100.00   HNW-64482 HNW-64482 11/21/2015 100.00 11/21/2015 Book